町村の代表駅 東日本篇 (1999年) - Statistics

General Stats
  • This quiz has been taken 21 times
  • The average score is 126 of 336
Answer Stats
都道府県 町村名 Answer % Correct
北海道 洞爺湖町 | 虻田町 洞爺
94%
北海道 沼田町 石狩沼田
88%
秋田県 鷹巣町 鷹ノ巣
88%
北海道 斜里町 知床斜里
81%
青森県 横浜町 陸奥横浜
81%
岩手県 紫波町 紫波中央
81%
宮城県 鳴子町 鳴子温泉
81%
千葉県 大網白里町 大網
81%
千葉県 芝山町 芝山千代田
81%
新潟県 頚城村 くびき
81%
新潟県 湯沢町 越後湯沢
81%
福井県 金津町 芦原温泉
81%
北海道 中川町 天塩中川
75%
岩手県 岩手町 いわて沼宮内
75%
岩手県 矢巾町 矢幅
75%
秋田県 阿仁町 阿仁合
75%
秋田県 井川町 井川さくら
75%
山形県 温海町 あつみ温泉
75%
埼玉県 毛呂山町 毛呂
75%
北海道 大野町 渡島大野
69%
北海道 砂原町 渡島砂原
69%
北海道 月形町 石狩月形
69%
北海道 弟子屈町 摩周
69%
岩手県 湯田町 ほっとゆだ
69%
福島県 田島町 会津田島
69%
福島県 棚倉町 磐城棚倉
69%
福島県 塙町 磐城塙
69%
福島県 柳津町 会津柳津
69%
福島県 矢祭町 矢祭山
69%
茨城県 大子町 常陸大子
69%
群馬県 板倉町 板倉東洋大前
69%
群馬県 長野原町 長野原草津口
69%
埼玉県 宮代町 東武動物公園
69%
千葉県 一宮町 上総一ノ宮
69%
千葉県 印旛村 印旛日本医大
69%
神奈川県 箱根町 箱根湯本
69%
新潟県 川口町 越後川口
69%
富山県 舟橋村 越中舟橋
69%
石川県 宇ノ気町 宇野気
69%
山梨県 石和町 石和温泉
69%
山梨県 勝沼町 勝沼ぶどう郷
69%
長野県 小谷村 南小谷
69%
北海道 厚真町 浜厚真
63%
山形県 大江町 左沢
63%
福島県 石川町 磐城石川
63%
福島県 大熊町 大野
63%
福島県 西郷村 新白河
63%
茨城県 大宮町 常陸大宮
63%
群馬県 嬬恋村 大前
63%
埼玉県 嵐山町 武蔵嵐山
63%
千葉県 神崎町 下総神崎
63%
東京都 瑞穂町 箱根ケ崎
63%
新潟県 浦川原村 うらがわら
63%
新潟県 堀之内町 越後堀之内
63%
富山県 八尾町 越中八尾
63%
青森県 七戸町 七戸十和田
56%
岩手県 野田村 陸中野田
56%
宮城県 山元町 山下
56%
福島県 浅川町 磐城浅川
56%
福島県 小野町 小野新町
56%
福島県 金山町 会津川口
56%
茨城県 那珂町 上菅谷
56%
栃木県 高根沢町 宝積寺
56%
群馬県 大泉町 西小泉
56%
埼玉県 上里町 神保原
56%
埼玉県 杉戸町 杉戸高野台
56%
千葉県 天津小湊町 安房天津
56%
千葉県 長生村 八積
56%
新潟県 松代町 まつだい
56%
福井県 永平寺町 永平寺口
56%
長野県 信濃町 黒姫
56%
岐阜県 古川町 飛騨古川
56%
北海道 小清水町 浜小清水
50%
北海道 清水町 十勝清水
50%
北海道 門別町 日高門別
50%
青森県 外ヶ浜町 蟹田
50%
青森県 鶴田町 陸奥鶴田
50%
青森県 常盤村 北常盤
50%
青森県 中里町 津軽中里
50%
岩手県 新里村 茂市
50%
岩手県 山田町 陸中山田
50%
秋田県 河辺町 和田
50%
山形県 白鷹町 荒砥
50%
山形県 山辺町 羽前山辺
50%
福島県 国見町 藤田
50%
栃木県 市貝町 市塙
50%
栃木県 河内町 岡本
50%
栃木県 那須町 黒田原
50%
栃木県 藤原町 新藤原
50%
群馬県 月夜野町 後閑
50%
群馬県 明和町 川俣
50%
千葉県 栄町 安食
50%
福井県 坂井町 丸岡
50%
福井県 高浜町 若狭高浜
50%
長野県 麻績村 聖高原
50%
長野県 栄村 森宮野原
50%
長野県 松川村 信濃松川
50%
岐阜県 揖斐川町 揖斐
50%
岐阜県 小坂町 飛騨小坂
50%
岐阜県 金山町 飛騨金山
50%
岐阜県 白川町 白川口
50%
岐阜県 谷汲村 谷汲口
50%
静岡県 小山町 駿河小山
50%
静岡県 東伊豆町 伊豆稲取
50%
愛知県 吉良町 吉良吉田
50%
愛知県 田原町 三河田原
50%
北海道 三石町 日高三石
44%
青森県 岩崎村 陸奥岩崎
44%
青森県 東北町 乙供
44%
青森県 森田町 陸奥森田
44%
岩手県 松尾村 松尾八幡平
44%
宮城県 柴田町 船岡
44%
山形県 戸沢村 古口
44%
福島県 下郷町 会津下郷
44%
栃木県 国分寺町 小金井
44%
埼玉県 伊奈町 伊奈中央
44%
埼玉県 神川町 丹荘
44%
埼玉県 滑川町 森林公園
44%
埼玉県 美里町 松久
44%
千葉県 鋸南町 安房勝山
44%
千葉県 山武町 日向
44%
新潟県 大島村 ほくほく大島
44%
新潟県 山北町 府屋
44%
新潟県 関川村 越後下関
44%
新潟県 大和町 浦佐
44%
富山県 朝日町
44%
富山県 婦中町 速星
44%
山梨県 大和村 甲斐大和
44%
長野県 川上村 信濃川上
44%
岐阜県 国府町 飛騨国府
44%
岐阜県 白鳥町 美濃白鳥
44%
岐阜県 萩原町 飛騨萩原
44%
岐阜県 七宗町 上麻生
44%
愛知県 清洲町 新清洲
44%
愛知県 幡豆町 西幡豆
44%
愛知県 御津町 愛知御津
44%
愛知県 南知多町 内海
44%
北海道 共和町 小沢
38%
青森県 三戸町 目時
38%
青森県 南部町 三戸
38%
青森県 福地村 苫米地
38%
岩手県 川井村 陸中川井
38%
岩手県 住田町 上有住
38%
岩手県 玉山村 好摩
38%
秋田県 飯田川町 羽後飯塚
38%
秋田県 山本町 森岳
38%
山形県 飯豊町 羽前椿
38%
山形県 川西町 羽前小松
38%
山形県 立川町 狩川
38%
福島県 楢葉町 竜田
38%
茨城県 美野里町 羽鳥
38%
栃木県 大平町 大平下
38%
群馬県 吾妻町 群馬原町
38%
群馬県 邑楽町 本中野
38%
埼玉県 庄和町 南桜井
38%
埼玉県 都幾川町 明覚
38%
千葉県 下総町 滑河
38%
千葉県 東庄町 笹川
38%
新潟県 荒川村 坂町
38%
石川県 押水町 宝達
38%
石川県 中島町 能登中島
38%
福井県 和泉村 九頭竜湖
38%
山梨県 大泉村 甲斐大泉
38%
山梨県 下部町 下部温泉
38%
山梨県 西桂町 三つ峠
38%
長野県 木祖村 藪原
38%
長野県 佐久町 海瀬
38%
長野県 天龍村 平岡
38%
長野県 東部町 田中
38%
長野県 本城村 西条
38%
長野県 箕輪町 伊那松島
38%
長野県 山ノ内町 湯田中
38%
岐阜県 神戸町 広神戸
38%
岐阜県 根尾村 樽見
38%
岐阜県 美並村 美並苅安
38%
静岡県 森町 遠州森
38%
愛知県 美浜町 河和
38%
青森県 平内町 西平内
31%
岩手県 安代町 荒屋新町
31%
宮城県 豊里町 陸前豊里
31%
秋田県 雄勝町 横堀
31%
秋田県 神岡町 神宮寺
31%
秋田県 協和町 羽後境
31%
秋田県 昭和町 大久保
31%
秋田県 中仙町 羽後長野
31%
秋田県 西仙北町 刈和野
31%
山形県 鮭川村 羽前豊里
31%
福島県 西会津町 野沢
31%
茨城県 旭村 鹿島旭
31%
群馬県 甘楽町 上州福島
31%
埼玉県 花園町 小前田
31%
千葉県 夷隅町 国吉
31%
千葉県 岬町 長者町
31%
神奈川県 大井町 上大井
31%
新潟県 越路町 来迎寺
31%
新潟県 小須戸町 矢代田
31%
新潟県 中郷村 二本木
31%
石川県 根上町 寺井
31%
石川県 鹿西町 能登部
31%
福井県 芦原町 あわら湯のまち
31%
福井県 大飯町 若狭本郷
31%
長野県 松川町 伊那大島
31%
長野県 南牧村 佐久海ノ口
31%
岐阜県 神岡町 飛騨神岡
31%
岐阜県 巣南町 美江寺
31%
岐阜県 南濃町 駒野
31%
岐阜県 宮川村 坂上
31%
静岡県 本川根町 千頭
31%
青森県 尾上町 津軽尾上
25%
青森県 名川町 剣吉
25%
岩手県 川崎町 陸中門崎
25%
岩手県 西根町 大更
25%
岩手県 東山町 猊鼻渓
25%
宮城県 志波姫町 くりこま高原
25%
宮城県 津山町 柳津
25%
宮城県 迫町 新田
25%
秋田県 琴丘町 鹿渡
25%
秋田県 山内村 相野々
25%
秋田県 仙南村 飯詰
25%
福島県 北会津村 会津本郷
25%
福島県 滝根町 神俣
25%
福島県 湯河村 笈川
25%
茨城県 山方町 山方宿
25%
茨城県 谷和原村 小絹
25%
千葉県 海上町 飯岡
25%
千葉県 富山町 岩井
25%
千葉県 和田町 和田浦
25%
新潟県 大潟町 潟町
25%
新潟県 栄町 帯織
25%
新潟県 西川町 越後曽根
25%
新潟県 広神村 薮神
25%
新潟県 妙高村 関山
25%
富山県 大島町 越中大門
25%
富山県 細入村 楡原
25%
石川県 鹿島町 能登二宮
25%
石川県 能都町 宇出津
25%
山梨県 田富町 東花輪
25%
山梨県 双葉町 塩崎
25%
長野県 坂井村 冠着
25%
長野県 高森町 市田
25%
長野県 豊田村 替佐
25%
長野県 楢川村 木曽平沢
25%
岐阜県 池田町 北池野
25%
岐阜県 川辺町 中川辺
25%
岐阜県 八幡町 郡上八幡
25%
岐阜県 宮村 飛騨一ノ宮
25%
岐阜県 大和町 郡上大和
25%
静岡県 長泉町 下土狩
25%
愛知県 一宮町 三河一宮
25%
愛知県 鳳来町 本長篠
25%
愛知県 三好町 三好ヶ丘
25%
北海道 釧路町 別保
19%
岩手県 大東町 摺沢
19%
秋田県 田代町 早口
19%
秋田県 比内町 扇田
19%
秋田県 平鹿町 醍醐
19%
山形県 中山町 羽前長崎
19%
山形県 平田町 砂越
19%
福島県 玉川村 泉郷
19%
福島県 三島町 会津宮下
19%
茨城県 関城町 黒子
19%
茨城県 千代川町 宗道
19%
栃木県 南那須町 大金
19%
群馬県 東村(佐波郡) 国定
19%
群馬県 尾島町 世良田
19%
群馬県 新田町 木崎
19%
埼玉県 北川辺町 柳生
19%
新潟県 加治川村 金塚
19%
新潟県 神林村 岩船町
19%
新潟県 守門村 越後須原
19%
新潟県 中里町 越後田沢
19%
富山県 大沢野町 笹津
19%
福井県 上志比村 山王
19%
山梨県 高根町 清里
19%
山梨県 玉穂町 小井川
19%
山梨県 三珠町 芦川
19%
山梨県 六郷町 甲斐岩間
19%
長野県 中川村 伊那田島
19%
長野県 三郷村 一日市場
19%
静岡県 川根町 家山
19%
静岡県 舞阪町 弁天島
19%
愛知県 一色町 三河一色
19%
愛知県 音羽町 名電赤坂
19%
愛知県 新川町 新川橋
19%
愛知県 祖父江町 森上
19%
岩手県 室根村 折壁
13%
宮城県 河南町 前谷地
13%
宮城県 金成町 沢辺
13%
宮城県 鳴瀬町 陸前小野
13%
秋田県 大内町 羽後岩谷
13%
秋田県 西木村 西明寺
13%
福島県 河東町 広田
13%
栃木県 西方町 東武金崎
13%
群馬県 赤城村 敷島
13%
群馬県 黒保根村 水沼
13%
新潟県 笹神村 神山
13%
新潟県 豊浦町 中浦
13%
新潟県 和島村 小島谷
13%
石川県 志雄町 敷浪
13%
石川県 鳥屋町 良川
13%
山梨県 昭和町 常永
13%
長野県 日義村 宮ノ越
13%
長野県 南箕輪村 北殿
13%
長野県 泰阜村 門島
13%
岐阜県 河合村 角川
13%
岐阜県 北方町 美濃北方
13%
静岡県 引佐町 金指
13%
愛知県 美和町 木田
13%
岩手県 岩泉町 岩泉尾本
6%
秋田県 岩城町 道川
6%
秋田県 森吉町 米内沢
6%
福島県 高郷村 荻野
6%
茨城県 小川町 小川高校下
6%
栃木県 栗山村 湯西川温泉
6%
栃木県 二宮町 久下田
6%
群馬県 東村(勢多郡) 花輪
6%
埼玉県 川本町 武川
6%
新潟県 中之島町 押切
6%
富山県 大山町 上滝
6%
山梨県 南部町 井出
6%
岐阜県 大野町 黒野
6%
岐阜県 真正町 真桑
6%
静岡県 細江町 気賀
6%
愛知県 佐織町 藤波
6%
愛知県 平和町 六輪
6%
北海道 南富良野町 幾寅駅
0%
青森県 六戸町 七百
0%
岩手県 東和町 土澤
0%
秋田県 峰浜村 沢目
0%
秋田県 由利町 前郷
0%
栃木県 都賀町 家中
0%
埼玉県 荒川村 武州中川
0%
新潟県 黒埼町 黒埼中学前
0%
石川県 内浦町 松波
0%
静岡県 中川根町 田野口
0%
No matching quizzes found
Score Distribution
Percent of People with Each Score
Percentile by Number Answered
Your Score History
You have not taken this quiz